书目信息 |
| 题名: |
算法分析与设计及案例教程
|
|
| 作者: | 师智斌 编著 | |
| 分册: | ||
| 出版信息: | 北京 清华大学出版社 2014.12 |
|
| 页数: | 236页 | |
| 开本: | 26cm | |
| 丛书名: | ||
| 单 册: | ||
| 中图分类: | TP301.6 | |
| 科图分类: | ||
| 主题词: | 电子计算机--dian zi ji suan ji--算法分析--高等学校--教材 , 电子计算机--dian zi ji suan ji--算法设计--高等学校--教材 | |
| 电子资源: | ||
| ISBN: | 978-7-302-38349-9 | |
| 000 | 01079nam0 2200253 450 | |
| 001 | 0106081820 | |
| 005 | 20201106082044.0 | |
| 010 | @a978-7-302-38349-9@dCNY39.00 | |
| 100 | @a20150116e20202014em y0chiy50 ea | |
| 101 | 0 | @achi |
| 102 | @aCN@b110000 | |
| 105 | @aa z 000yy | |
| 106 | @ar | |
| 200 | 1 | @a算法分析与设计及案例教程@Asuan fa fen xi yu she ji ji an li jiao cheng@f师智斌[等]编著 |
| 210 | @a北京@c清华大学出版社@d2014.12@h2020.02 | |
| 215 | @a236页@c图@d26cm | |
| 300 | @a21世纪高等学校规划教材·计算机科学与技术 | |
| 330 | @a本书介绍算法的概念,算法分析的基本理论、过程和方法以及算法设计的基本策略方法。内容包括算法概述、算法效率分析基础、蛮力法、分治法、分治策略变体——减治策略和变治策略、动态规划、时空权衡技术、贪心算法、回溯和分支限界法、NP完全性理论等。 | |
| 606 | 0 | @a电子计算机@Adian zi ji suan ji@x算法分析@x高等学校@j教材 |
| 606 | 0 | @a电子计算机@Adian zi ji suan ji@x算法设计@x高等学校@j教材 |
| 690 | @aTP301.6@v5 | |
| 701 | 0 | @a师智斌@Ashi zhi bin@c(女,@f1971-)@4编著 |
| 801 | 0 | @aCN@bBJSZM@c20201106 |
| 905 | @b1192168-71@dTP301.6@e1089@f4 | |
| 算法分析与设计及案例教程/师智斌[等]编著.-北京:清华大学出版社,2014.12(2020.02) |
| 236页:图;26cm |
| 21世纪高等学校规划教材·计算机科学与技术 |
| ISBN 978-7-302-38349-9:CNY39.00 |
| 本书介绍算法的概念,算法分析的基本理论、过程和方法以及算法设计的基本策略方法。内容包括算法概述、算法效率分析基础、蛮力法、分治法、分治策略变体——减治策略和变治策略、动态规划、时空权衡技术、贪心算法、回溯和分支限界法、NP完全性理论等。 |
| ● |
| 相关链接 |
|
|
|
|
正题名:算法分析与设计及案例教程
索取号:TP301.6/1089
 
预约/预借
| 序号 | 登录号 | 条形码 | 馆藏地/架位号 | 状态 | 备注 |
| 1 | 1192168 | 211921688 | 第二样本阅览室/ [索取号:TP301.6/1089] | 在馆 | |
| 2 | 1192169 | 211921697 | 第三借阅区/ [索取号:TP301.6/1089] | 在馆 | |
| 3 | 1192170 | 211921704 | 第三借阅区/ [索取号:TP301.6/1089] | 在馆 | |
| 4 | 1192171 | 211921713 | 第三借阅区/ [索取号:TP301.6/1089] | 在馆 |